[Event "10th KiiT Festival 2017"]
[Site "Bhubaneshwar"]
[Date "2017.05.28"]
[Round "4"]
[White "Mohammad Fahad, Rahman"]
[Black "Sidhant, Mohapatra"]
[Result "0-1"]
[WhiteElo "2169"]
[BlackElo "2393"]
[Annotator "NA"]
[PlyCount "80"]
[EventDate "2017.05.26"]
[EventType "swiss"]
[EventCountry "IND"]
[SourceTitle "playchess.com"]
[Source "ChessBase"]
[SourceQuality "1"]
[TimeControl "5400+30"]

1. c4 c6 2. Nf3 d5 3. d4 Nf6 4. Nc3 e6 5. cxd5 exd5 6. Bg5 Be7 7. Qc2 g6 8. e3 Bf5 9. Bd3 Bxd3 10. Qxd3 O-O 11. O-O Nbd7 12. Rab1 a5 13. Rfe1 Re8 14. Nd2 Nh5 15. Bxe7 Qxe7 16. e4 dxe4 17. Rxe4 Qg5 18. Rbe1 Rxe4 19. Rxe4 Ndf6 20. h4 Qf5 21. Re3 Qg4 22. g3 Rd8 23. Nde4 Kg7 24. a3 h6 25. Nxf6 Nxf6 26. Ne4 Nd5 27. Re1 Re8 28. f3 Qd7 29. Re2 Qh3 30. Rh2 Qf5 31. Rd2 Re7 32. Kf2 Qe6 33. Rd1 Qh3 34. Rg1 f5 35. Nd2 f4 36. Nf1 Ne3 37. gxf4 Nf5 38. Rg4 Kh7 39. d5 cxd5 40. Qxd5 Qxf1+ 0-1

[Event "10th KiiT Festival 2017"]
[Site "Bhubaneshwar"]
[Date "2017.05.28"]
[Round "4"]
[White "Sahu, Sekhar Chandra"]
[Black "Navalgund, Niranjan"]
[Result "0-1"]
[WhiteElo "2167"]
[BlackElo "2351"]
[Annotator "NA"]
[PlyCount "108"]
[EventDate "2017.05.26"]
[EventType "swiss"]
[EventCountry "IND"]
[SourceTitle "playchess.com"]
[Source "ChessBase"]
[SourceQuality "1"]
[TimeControl "5400+30"]

1. e4 e5 2. Bc4 Nf6 3. d3 c6 4. Qe2 Be7 5. Nf3 O-O 6. O-O d6 7. Re1 Nbd7 8. a3 a5 9. Nbd2 Nc5 10. d4 exd4 11. Nxd4 Re8 12. f3 d5 13. exd5 Bf8 14. Qf2 Rxe1+ 15. Qxe1 cxd5 16. Bf1 Bd7 17. Kh1 Qb6 18. c3 Re8 19. Qd1 Bd6 20. a4 Nh5 21. b3 Qd8 22. f4 Nxf4 23. N2f3 Ne4 24. Qc2 Qf6 25. Bb5 Bxb5 26. axb5 g5 27. Be3 g4 28. Nd2 Nh5 29. Nxe4 Rxe4 30. Bf2 Rf4 31. Ra2 g3 32. hxg3 Nxg3+ 33. Kg1 Ne4 34. Nf3 Rg4 35. Qd3 Rxg2+ 36. Kxg2 Qg6+ 37. Ng5 Qxg5+ 38. Kf1 Qf5 39. Kg2 Qg6+ 40. Kf3 Qh5+ 41. Kg2 Qh2+ 42. Kf1 Qh1+ 43. Ke2 Qh5+ 44. Kf1 Qh1+ 45. Bg1 Ng3+ 46. Kf2 Qh3 47. Ke1 Qh1 48. Qe3 Ne4 49. Kf1 Ng3+ 50. Ke1 Ne4 51. Kf1 Bc5 52. Rg2+ Qxg2+ 53. Kxg2 Bxe3 54. Bxe3 Nxc3 0-1

[Event "10th KiiT Festival 2017"]
[Site "Bhubaneshwar"]
[Date "2017.05.28"]
[Round "4"]
[White "Wagh Suyog"]
[Black "Roy Chowdhury, Saptarshi"]
[Result "1/2-1/2"]
[WhiteElo "2138"]
[BlackElo "2326"]
[Annotator "NA"]
[PlyCount "51"]
[EventDate "2017.05.26"]
[EventType "swiss"]
[EventCountry "IND"]
[SourceTitle "playchess.com"]
[Source "ChessBase"]
[SourceQuality "1"]
[TimeControl "5400+30"]

1. d4 Nf6 2. Nf3 d6 3. c4 Bf5 4. Nc3 c6 5. g3 Nbd7 6. Bg2 e5 7. O-O Be7 8. Nh4 Bg6 9. h3 Nh5 10. Nxg6 hxg6 11. d5 c5 12. e4 a6 13. Qg4 Rb8 14. a4 g5 15. a5 g6 16. Bd2 Ng7 17. Na4 O-O 18. Qe2 f5 19. Rfb1 g4 20. exf5 gxh3 21. Bxh3 gxf5 22. Ra3 Qe8 23. b4 cxb4 24. Rxb4 Nf6 25. Nc3 Nd7 26. Na4 1/2-1/2

[Event "10th KiiT Festival 2017"]
[Site "Bhubaneshwar"]
[Date "2017.05.28"]
[Round "4"]
[White "Prasant N Nayagam"]
[Black "Grover, Sahaj"]
[Result "1-0"]
[WhiteElo "2087"]
[BlackElo "2478"]
[Annotator "TA"]
[PlyCount "40"]
[EventDate "2017.05.26"]
[EventType "swiss"]
[EventCountry "IND"]
[SourceTitle "playchess.com"]
[Source "ChessBase"]
[SourceQuality "1"]

{[%evp 9,40,0,-1,-11,0,0,12,-4,51,-12,4,-8,-7,-27,-25,-23,-25,-31,-27,-27,-25,-25,-25,-25,-26,-27,-30,-34,-29,-32,-29,-24,-21]} 1. d4 d5 2. Bf4 c5 3. e3 Nc6 4. c3 Nf6 5. Nd2 Bf5 (5... e6 6. Ngf3 Bd6 7. Bg3 O-O 8. Bb5 a6 9. Bxc6 bxc6 10. Qa4 Rb8 11. Qa3 Bxg3 12. hxg3 cxd4 13. cxd4 a5 14. O-O Qb6 15. b3 Ba6 {1-0 (24) Carlsen,M (2840)-Anand,V (2779) Doha 2016}) 6. Qb3 {D00: 1 d4 d5: Unusual lines} Qc8 7. Ngf3 e6 8. Be2 {The position is equal.} h6 (8... c4 $11 9. Qd1 h6) 9. Ne5 ({White should try} 9. c4 $1 $14) 9... Be7 $146 (9... c4 $5 {[%cal Rc4b3]} 10. Qd1 Be7 $11) ({Predecessor:} 9... Nd7 10. Ndf3 a6 11. O-O Be7 12. Nxd7 Qxd7 13. Ne5 Nxe5 14. Bxe5 {1-0 (65) Drace,D-Rosic,S (2381) Neum 2002}) 10. dxc5 O-O 11. O-O Nxe5 12. Bxe5 Nd7 13. Bd6 Nxc5 14. Bxc5 Qxc5 15. Nf3 Rab8 16. a4 Rfd8 17. h3 Bf6 18. Nd4 Bg6 19. Qa3 Qc8 20. Rfd1 e5 {[%mdl 32768] Precision: White = 42%, Black = 73%. . Loss on Time!?} 1-0

[Event "10th KiiT Festival 2017"]
[Site "Bhubaneshwar"]
[Date "2017.05.28"]
[Round "4"]
[White "Avdhoot Lendhe"]
[Black "Padmini, Rout"]
[Result "1-0"]
[WhiteElo "2080"]
[BlackElo "2380"]
[Annotator "NA"]
[PlyCount "111"]
[EventDate "2017.05.26"]
[EventType "swiss"]
[EventCountry "IND"]
[SourceTitle "playchess.com"]
[Source "ChessBase"]
[SourceQuality "1"]
[TimeControl "5400+30"]

1. d4 Nf6 2. c4 g6 3. Nc3 d5 4. h4 c6 5. cxd5 cxd5 6. Bf4 a6 7. e3 Bg7 8. Bd3 Nc6 9. a3 O-O 10. h5 Re8 11. hxg6 hxg6 12. Nf3 Bg4 13. Qb3 Bxf3 14. gxf3 e5 15. dxe5 Nxe5 16. Be2 b5 17. Rd1 Nc4 18. Bg5 Qa5 19. Kf1 Nh7 20. Rxd5 Nxg5 21. Qxc4 Ne6 22. Qh4 Rad8 23. Kg2 Rxd5 24. Nxd5 Qd8 25. Qxd8 Rxd8 26. Nb4 Rd2 27. Re1 Nc5 28. b3 Rb2 29. Bd1 Rb1 30. Rf1 a5 31. Nc6 Nxb3 32. Be2 Rxf1 33. Bxf1 b4 34. axb4 axb4 35. Nxb4 Kf8 36. Na6 Ke7 37. Bc4 Na5 38. Bd5 g5 39. Nb4 Be5 40. Nd3 Bc7 41. e4 f6 42. Kh3 Bb6 43. Kg4 Bd4 44. Kf5 Bc3 45. f4 gxf4 46. Nxf4 Kd6 47. f3 Bb2 48. Ng6 Bc3 49. Nf4 Bb2 50. Nh5 Ke7 51. Kg6 Bc3 52. Ng3 Be5 53. Nf5+ Kf8 54. Nh6 Ke7 55. Ng8+ Kd6 56. Nxf6 1-0

[Event "10th KiiT Festival 2017"]
[Site "Bhubaneshwar"]
[Date "2017.05.28"]
[Round "4"]
[White "Lama, Himal"]
[Black "Sai Krishna G V"]
[Result "0-1"]
[WhiteElo "2073"]
[BlackElo "2339"]
[Annotator "NA"]
[PlyCount "101"]
[EventDate "2017.05.26"]
[EventType "swiss"]
[EventCountry "IND"]
[SourceTitle "playchess.com"]
[Source "ChessBase"]
[SourceQuality "1"]
[TimeControl "5400+30"]

1. e4 e5 2. Nf3 Nc6 3. c4 f5 4. Nc3 Nf6 5. d3 Bb4 6. Bd2 O-O 7. Be2 d6 8. O-O Bxc3 9. Bxc3 fxe4 10. dxe4 Qe8 11. b4 Qg6 12. b5 Nxe4 13. Bb2 Ne7 14. Bd3 Bg4 15. Nh4 Qh5 16. f3 Nc5 17. g3 Bh3 18. Rf2 Rf7 19. Be2 Raf8 20. Qc2 g5 21. Ng2 Bxg2 22. Rxg2 Qh6 23. Qd2 Nf5 24. Rf2 g4 25. Qxh6 Nxh6 26. Bc1 Nf5 27. f4 h5 28. Bf1 h4 29. fxe5 hxg3 30. hxg3 Nxg3 31. Be3 Rxf2 32. Bxf2 Nge4 33. Bxc5 Nxc5 34. exd6 cxd6 35. Rd1 Rf6 36. Bg2 Kf7 37. Kh2 b6 38. Kg3 Rg6 39. Rd4 Ke6 40. Rf4 Rg7 41. a3 Ke5 42. Bd5 Nd3 43. Re4+ Kf5 44. Re6 Rh7 45. Rxd6 Rh3+ 46. Kg2 Nf4+ 47. Kf1 Rxa3 48. Rd8 g3 49. Rf8+ Ke5 50. Re8+ Kd6 51. Ke1 0-1

[Event "10th KiiT Festival 2017"]
[Site "Bhubaneshwar"]
[Date "2017.05.28"]
[Round "4"]
[White "Krishnater Kushager"]
[Black "Aradhya, Garg"]
[Result "1/2-1/2"]
[WhiteElo "1953"]
[BlackElo "2304"]
[Annotator "NA"]
[PlyCount "84"]
[EventDate "2017.05.26"]
[EventType "swiss"]
[EventCountry "IND"]
[SourceTitle "playchess.com"]
[Source "ChessBase"]
[SourceQuality "1"]
[TimeControl "5400+30"]

1. d4 d5 2. c4 c6 3. Nc3 Nf6 4. Nf3 dxc4 5. a4 Bf5 6. Ne5 Nbd7 7. Nxc4 Nb6 8. Ne5 a5 9. h4 Qc7 10. f3 Nbd7 11. Bf4 Nxe5 12. dxe5 Be6 13. e3 Nd7 14. Rc1 g6 15. Nb5 Qb6 16. Nd4 Bg7 17. Nxe6 fxe6 18. Qd4 Qc7 19. Bc4 Bxe5 20. Bxe5 Qxe5 21. Bxe6 Qxd4 22. exd4 Nf6 23. Rc5 Rf8 24. g4 Nd7 25. Bxd7+ Kxd7 26. Ke2 Rf4 27. Ke3 Raf8 28. Rh3 b6 29. Rg5 Kd6 30. h5 R4f6 31. hxg6 hxg6 32. f4 c5 33. dxc5+ bxc5 34. Kd3 Rb8 35. Kc3 Rxf4 36. Rxg6+ Kd5 37. b3 c4 38. Kb2 e5 39. Ra6 Rxg4 40. Ka3 Rg1 41. Rxa5+ Kd4 42. Ra7 Rxb3+ 1/2-1/2

[Event "10th KiiT Festival 2017"]
[Site "Bhubaneshwar"]
[Date "2017.05.28"]
[Round "4"]
[White "Shahil Dey"]
[Black "Karthik Venkataraman"]
[Result "0-1"]
[WhiteElo "1755"]
[BlackElo "2317"]
[Annotator "NA"]
[PlyCount "122"]
[EventDate "2017.05.26"]
[EventType "swiss"]
[EventCountry "IND"]
[SourceTitle "playchess.com"]
[Source "ChessBase"]
[SourceQuality "1"]
[TimeControl "5400+30"]

1. e4 c5 2. Nf3 d6 3. d4 cxd4 4. Nxd4 Nf6 5. Nc3 a6 6. Bg5 e6 7. f4 Qc7 8. Qe2 Nbd7 9. O-O-O b5 10. Nd5 exd5 11. exd5+ Be7 12. Nf5 Nc5 13. Nxg7+ Kd8 14. h3 Nfe4 15. Re1 Bxg5 16. fxg5 Qe7 17. h4 Qe5 18. Nh5 Re8 19. Qf3 Qxd5 20. Bd3 Bb7 21. Nf6 Nxd3+ 22. Qxd3 Qxd3 23. cxd3 Nxf6 24. gxf6 Rxe1+ 25. Rxe1 Bxg2 26. Rg1 Bd5 27. Rg7 Kd7 28. b3 Rh8 29. Rg5 Ke6 30. Kd2 h6 31. Rg1 Kxf6 32. Rf1+ Kg6 33. Kc3 Rc8+ 34. Kd4 Be6 35. Rf2 Kh5 36. Rh2 Rg8 37. Ke3 Rg3+ 38. Kd2 Rh3 39. Rf2 Kxh4 40. Rf4+ Kg3 41. Ke3 Rh2 42. Rf3+ Kg4 43. Rf4+ Kg5 44. Rd4 d5 45. a4 f5 46. axb5 f4+ 47. Rxf4 Rh3+ 48. Rf3 d4+ 49. Kf2 Rxf3+ 50. Kxf3 axb5 51. b4 Bd5+ 52. Kg3 h5 53. Kh3 h4 54. Kh2 Kg4 55. Kg1 Kg3 56. Kf1 h3 57. Ke2 h2 58. Kd2 h1=Q 59. Kc2 Qg2+ 60. Kb1 Bb3 61. Kc1 Qc2# 0-1

[Event "10th KiiT Festival 2017"]
[Site "Bhubaneshwar"]
[Date "2017.05.29"]
[Round "5"]
[White "Amonatov, Farrukh"]
[Black "Fenil, Shah"]
[Result "1-0"]
[WhiteElo "2632"]
[BlackElo "2252"]
[Annotator "TA"]
[PlyCount "93"]
[EventDate "2017.05.26"]
[EventType "swiss"]
[EventCountry "IND"]
[SourceTitle "playchess.com"]
[Source "ChessBase"]
[SourceQuality "1"]

{[%evp 19,93,42,33,-9,8,-2,8,0,0,7,4,-100,-92,-82,-77,-121,-89,-128,-137,-164,-124,-208,-198,-300,-183,-193,-177,-150,-66,-63,-78,-40,0,8,65,58,39,9,10,-83,-84,-79,-80,-83,0,-81,0,-81,0,-133,-134,-156,-153,-94,-89,-93,-37,-35,-38,-39,114,108,139,150,849,845,827,762,1207,1052,1704,1611,1531,1221,29980,29979]} 1. e4 c5 2. Nf3 e6 3. d4 cxd4 4. Nxd4 Nc6 5. Nc3 Qc7 6. f4 a6 7. Nxc6 Qxc6 8. Bd3 b5 9. Qe2 Bb7 10. Bd2 Bc5 11. a4 {[%cal Ra4b5] B47: Sicilian: Taimanov: 5 Nc3 Qc7 6 f4, 6 g3 and 6 Be2} (11. O-O-O Ne7 12. a3 O-O 13. Rhf1 f5 14. g4 d5 15. gxf5 exf5 16. e5 d4 17. Na2 Qh6 18. Kb1 Nd5 {½-½ (18) Smirin,I (2676)-Fier,A (2616) Warsaw 2016}) 11... b4 12. Nd5 $1 Qd6 13. Ne3 {The position is equal.} Qxf4 14. Nc4 Qc7 15. e5 $146 (15. Rf1 $11 {remains equal.}) ({Predecessor:} 15. Qg4 d5 16. exd5 f5 17. Qe2 Bxd5 18. Ne3 Bxe3 19. Qxe3 {1-0 (57) Wang,L (2401)-Sadorra,J (2451) Subic Bay 2009}) 15... Ne7 $36 {[%mdl 2048] Keeping White busy.} 16. O-O-O Bd5 17. Qg4 Ng6 18. Rhe1 O-O 19. Kb1 Rac8 20. Nd6 (20. b3 $17) 20... f5 $19 21. Qg3 (21. Qe2 {was necessary.} Bxd6 22. exd6) 21... Bxd6 22. exd6 Qc6 23. b3 e5 (23... Be4 $17 24. Re2 Bxd3 25. Qxd3 f4) 24. Rxe5 $1 $15 Nxe5 25. Qxe5 Be6 26. Bxb4 Qxg2 (26... Rf6 $11) 27. Bc3 $1 $14 {[%cal Rc3d4] Strongly threatening Bd4.} Rfe8 28. Qd4 {White wants to play Rg1.} Qg4 $1 {[%cal Rg4d1]} 29. Qxg4 (29. Rg1 $1 $11 Qxd4 30. Bxd4) 29... fxg4 $17 30. Bb4 Rc6 31. Be4 Rcc8 {White must now prevent ...Bxb3!} 32. Bd3 Rc6 33. Be4 $1 Rcc8 (33... Rb6 $1 $17 {[%cal Rb6b4]} 34. Ba5 Rbb8) 34. Rd4 (34. Bd3 $11) 34... Rf8 35. Bb7 Rf1+ 36. Kb2 Rb8 37. Bxa6 {[#]} Rf2 (37... Rh1 $1 $17 {[%cal Rh1h2]} 38. Bc4 Bxc4 39. Rxc4 h5) 38. Rd2 $15 Rxd2 39. Bxd2 {[%mdl 4096] Endgame KRB-KB} Rb6 $2 {[#]} (39... h5 $15 {keeps the upper hand.}) 40. Bd3 $1 $16 Rxd6 41. a5 {[%cal Ba4a5,Ba5a6,Ba6a7][%mdl 32]} Bf5 $2 (41... Kf7 $16 42. Bf4 Rc6) 42. Bxf5 $18 Rxd2 43. a6 Rd5 44. Bd3 Re5 45. b4 {[%cal Bb3b4,Bb4b5][%mdl 32]} Re8 46. b5 Rb8 47. a7 {Precision: White = 49%, Black = 38%.} 1-0

[Event "10th KiiT Festival 2017"]
[Site "Bhubaneshwar"]
[Date "2017.05.29"]
[Round "5"]
[White "Rahman, Ziaur"]
[Black "Laxman, R R"]
[Result "1/2-1/2"]
[WhiteElo "2526"]
[BlackElo "2417"]
[Annotator "TA"]
[PlyCount "50"]
[EventDate "2017.05.26"]
[EventType "swiss"]
[EventCountry "IND"]
[SourceTitle "playchess.com"]
[Source "ChessBase"]
[SourceQuality "1"]

{[%evp 24,50,32,29,32,39,51,46,56,52,50,40,46,43,44,44,34,0,0,0,0,0,0,0,8,0,0,0,18]} 1. c4 e6 2. g3 d5 3. Bg2 Nf6 4. Nf3 dxc4 5. Qa4+ c6 6. Qxc4 b5 7. Qb3 Bb7 8. d4 Nbd7 9. O-O {D30: Queen's Gambit Declined: Systems without Nc3} a6 10. Ne5 Nxe5 11. dxe5 Nd7 12. Nc3 Be7 13. Ne4 {LiveBook: 3 Games} O-O 14. Rd1 Qc7 15. Bf4 {Strongly threatening Nf6+!} Nc5 16. Nxc5 $1 Bxc5 {[#]} 17. Rac1 $146 Be7 18. Be3 Rad8 19. Rxd8 Rxd8 20. Qc3 b4 {The position is equal.} 21. Qb3 Qxe5 22. Bxc6 Bxc6 23. Rxc6 h5 24. h4 a5 25. Qc2 Qd5 {Precision: White = 71%, Black = 65%.} 1/2-1/2

[Event "10th KiiT Festival 2017"]
[Site "Bhubaneshwar"]
[Date "2017.05.29"]
[Round "5"]
[White "Deviatkin, Andrei"]
[Black "Das, Sayantan"]
[Result "1/2-1/2"]
[WhiteElo "2481"]
[BlackElo "2396"]
[Annotator "TA"]
[PlyCount "120"]
[EventDate "2017.05.26"]
[EventType "swiss"]
[EventCountry "IND"]
[SourceTitle "playchess.com"]
[Source "ChessBase"]
[SourceQuality "1"]

{[%evp 17,120,0,0,-6,6,6,6,6,19,8,16,15,11,0,0,0,0,0,-1,0,-8,-14,24,28,24,0,0,2,21,17,47,50,57,47,41,41,31,25,33,33,28,0,0,0,0,0,0,0,1,0,0,0,3,0,3,10,6,0,0,0,0,0,0,0,0,0,0,0,0,0,0,0,0,0,0,0,0,0,0,0,0,0,0,0,0,0,0,0,0,0,0,0,0,0,0,0,0,0,0,0,0,0,0,0,0]} 1. d4 Nf6 2. Nf3 g6 3. Bg5 Bg7 4. Nbd2 O-O 5. c3 d5 6. e3 Nbd7 7. h3 b6 8. Be2 Bb7 9. O-O c5 {LiveBook: 19 Games} 10. Qb1 {D03: 1 d4 d5 2 Nf3 Nf6 3 Bg5, including Torre Attack with early ...d5} (10. Bf4 Ne8 11. Bh2 Nd6 12. a4 a6 13. Qb3 Rc8 14. Rfd1 Re8 15. Ne5 Nf6 16. dxc5 Rxc5 17. Nd3 Rc8 {½-½ (41) Kosic,D (2517)-Sedlak,N (2537) Kragujevac 2016}) 10... Re8 11. Bf4 a6 12. a4 Qc8 $146 ({Predecessor:} 12... Ne4 13. Rd1 f5 14. Qa2 e6 15. Bh2 Qe7 16. Rac1 Kh8 17. Qb3 c4 {½-½ (40) Ledger,A (2431)-Rayner,F (2218) Scarborough 1999}) 13. Bh2 Qc6 14. b4 c4 15. Qc2 b5 16. Ne5 Nxe5 17. Bxe5 Nd7 18. Bxg7 Kxg7 19. f4 Nb6 {[%cal Rb5a4,Bd7b6,Bb6c8,Bc8d6,Bd6e4][%mdl 32]} 20. a5 Nc8 21. g4 Nd6 22. Bf3 f6 23. Bg2 e6 24. Rae1 Ne4 25. Nf3 (25. g5 $5) 25... Qc7 26. g5 fxg5 27. Nxg5 Nxg5 28. fxg5 Rf8 29. Rf4 Rxf4 {The position is equal.} 30. exf4 Qxf4 31. Rxe6 Qxg5 32. Qe2 {[#] And now Re7+ would win.} Qc1+ 33. Kh2 Qf4+ 34. Kg1 {Re7+ is the strong threat.} Qc1+ 35. Qf1 Qxf1+ 36. Bxf1 $11 {[%mdl 4096] [#] Endgame Strongly threatening Re7+. KRB-KRB} Rf8 $1 37. Rb6 Rf7 $1 38. Bg2 Kf8 39. Kh2 Ke8 40. Kg3 Kd8 41. h4 Re7 42. Kf4 Kc7 43. Rf6 Kb8 (43... Re2 $5 {[%cal Re2g2]} 44. Rf7+ Kb8 45. Rf8+ Ka7 $11) 44. Bf3 Kc7 45. Bg2 Kb8 46. Rf8+ Kc7 47. Bf3 Bc6 48. Rh8 Rf7+ 49. Kg4 Re7 50. Kf4 Rf7+ 51. Kg3 Re7 52. Kf2 Rf7 53. Kg2 Kb7 54. Kg3 Kc7 55. Bg2 Re7 56. Kf4 Rf7+ 57. Kg4 Bd7+ (57... Kd6 $5 {[%cal Rf7f2]}) 58. Kg3 Re7 59. Kf4 Rf7+ 60. Kg3 Bc6 {Precision: White = 66%, Black = 73%.} 1/2-1/2

[Event "10th KiiT Festival 2017"]
[Site "Bhubaneshwar"]
[Date "2017.05.29"]
[Round "5"]
[White "Babujian, Levon"]
[Black "Iniyan, P."]
[Result "1-0"]
[WhiteElo "2438"]
[BlackElo "2392"]
[Annotator "TA"]
[PlyCount "71"]
[EventDate "2017.05.26"]
[EventType "swiss"]
[EventCountry "IND"]
[SourceTitle "playchess.com"]
[Source "ChessBase"]
[SourceQuality "1"]

{[%evp 17,71,25,33,0,0,0,0,0,0,0,0,0,32,28,24,45,37,12,10,0,0,0,0,0,0,0,78,80,147,147,143,135,142,136,135,134,133,140,141,131,122,123,121,111,343,315,1342,1358,29981,29982,29982,29983,29979,29980,29990,29991]} 1. d4 Nf6 2. c4 g6 3. Nc3 Bg7 4. e4 d6 5. Nf3 O-O 6. h3 e5 7. d5 Na6 8. Be3 Nh5 9. Nd2 Qe8 {LiveBook: 42 Games} 10. Rg1 {E90: King's Indian: Classical: Early deviations and 6 h3} (10. a3 f5 11. Nb3 b6 12. Qc2 Qe7 13. O-O-O Nc5 14. Be2 Nxb3+ 15. Qxb3 Nf6 16. Qc2 f4 17. Bd2 Bd7 {1-0 (47) Bachmann,A (2577)-Istratescu,A (2671) Graz 2014}) 10... f5 11. exf5 $146 ({Predecessor:} 11. Nb3 Bd7 12. exf5 gxf5 13. g4 Qg6 14. f3 Nf4 15. c5 Rae8 16. gxf5 Qh6 17. Qd2 Bxf5 {1-0 (34) Filip,M-Dolezal,J Kosice 1961}) 11... gxf5 {Strongly threatening ...f4.} 12. g4 {The position is equal.} f4 13. gxh5 {Hoping for h6.} fxe3 14. fxe3 {Threatens to win with h6.} Qe7 {( -> ...Qh4+)} (14... Qd8 $5 {[%cal Rd8h4]} 15. Nde4 Kh8 $11) 15. Nde4 Kh8 16. Kd2 $36 {[%mdl 2048] Black is under pressure.} Bh6 17. Rg3 c6 18. Be2 {[%cal Bf1e2,Be2g4,Bg4e6][%mdl 32]} Bf5 19. Bg4 Bxe4 $1 20. Nxe4 cxd5 21. cxd5 Qc7 (21... Nc5 $1 $11 {keeps the balance.} 22. Nxc5 Rf2+ 23. Kd3 (23. Ke1 Raf8 $19) 23... dxc5) 22. Ke2 $1 $16 Nb4 (22... Nc5 $142 23. Rc1 Qa5 24. Nxc5 dxc5) 23. Qb3 $1 {[%cal Rb3b4]} Qa5 24. Be6 Qb5+ 25. Kd2 Qb6 26. Qc3 Qd4+ 27. Qxd4 exd4 28. Rag1 Bxe3+ ({Don't take} 28... dxe3+ $2 29. Kc3 $18) 29. Rxe3 dxe3+ 30. Kxe3 {h6 is the strong threat.} Rad8 $2 {[#]} (30... Rae8 $16) 31. h6 $1 $18 Na6 $2 (31... Nc2+ 32. Kd2 Nd4) 32. Rg7 {Ng5 would kill now.} Nc5 {[#]} 33. Ng5 $1 {[%csl Gg5][%cal Rg7h7] White mates.} Nxe6 34. dxe6 Rde8 35. Kd4 Rf4+ 36. Kd5 {Precision: White = 80%, Black = 53%.} 1-0

[Event "10th KiiT Festival 2017"]
[Site "Bhubaneshwar"]
[Date "2017.05.29"]
[Round "5"]
[White "Khusenkhojaev, Muhammad"]
[Black "Arjun Kalyan"]
[Result "1/2-1/2"]
[WhiteElo "2433"]
[BlackElo "2322"]
[Annotator "TA"]
[PlyCount "52"]
[EventDate "2017.05.26"]
[EventType "swiss"]
[EventCountry "IND"]
[SourceTitle "playchess.com"]
[Source "ChessBase"]
[SourceQuality "1"]

{[%evp 23,52,-32,-20,-32,-27,-29,-22,-33,-13,-36,-2,-14,0,0,0,-20,1,-16,0,-11,0,0,0,0,0,0,0,0,0,0,0]} 1. Nf3 d5 2. d4 Nf6 3. c4 c6 4. Nc3 e6 5. e3 Nbd7 6. Qc2 Bd6 7. Bd3 O-O 8. O-O dxc4 9. Bxc4 e5 10. Bb3 h6 {D46: Semi-Slav: 5 e3 Nbd7 6 Bd3, Black avoids the Meran} 11. h3 Re8 12. dxe5 Nxe5 {LiveBook: 4 Games. Black is slightly better.} 13. Nxe5 Bxe5 14. Bd2 $146 ({Predecessor:} 14. Rd1 Qe7 15. Bd2 Bc7 16. e4 Qe5 17. f4 Qc5+ 18. Kh1 Nh5 {0-1 (26) Bykov,A (2359)-Smirnov,P (2621) Golden Sands 2014}) 14... Qe7 15. Rad1 Be6 (15... b5 {is more complex.} 16. Rfe1 a5 17. a4 Qc5 18. e4 Be6) 16. Bc1 Rad8 17. Bxe6 {The position is equal.} Qxe6 18. b3 Qe7 19. Ne2 {[#]} Ne4 $1 {[%mdl 512]} 20. g3 (20. Qxe4 Bh2+) 20... Bf6 21. Kg2 h5 22. Rxd8 Rxd8 23. Rd1 Rxd1 24. Qxd1 g6 25. f3 Nc3 26. Nxc3 Bxc3 {Precision: White = 44%, Black = 48%.} 1/2-1/2

[Event "10th KiiT Festival 2017"]
[Site "Bhubaneshwar"]
[Date "2017.05.29"]
[Round "5"]
[White "Murshed, Niaz"]
[Black "Krishnater Kushager"]
[Result "1-0"]
[WhiteElo "2423"]
[BlackElo "1953"]
[Annotator "TA"]
[PlyCount "83"]
[EventDate "2017.05.26"]
[EventType "swiss"]
[EventCountry "IND"]
[SourceTitle "playchess.com"]
[Source "ChessBase"]
[SourceQuality "1"]

{[%evp 19,83,20,16,11,7,0,13,-17,15,0,31,22,33,10,40,40,35,16,47,37,80,78,80,73,119,138,130,127,123,112,134,140,140,139,126,109,109,109,111,110,110,110,110,110,111,109,225,245,358,0,112,112,133,97,126,97,97,97,487,455,489,447,607,599,600,540]} 1. c4 Nf6 2. Nc3 g6 3. e4 d6 4. d4 Bg7 5. Be2 O-O 6. Bg5 c5 7. d5 e6 8. Qd2 exd5 9. exd5 Qb6 10. Nf3 Bf5 11. O-O {E75: King's Indian: Averbakh Variation: 6...c5 7 d5 e6} Ne4 12. Nxe4 Bxe4 13. Rae1 {The position is equal.} (13. Qe3 $5 {[%cal Re3e4]} Bxf3 14. Bxf3 $11 (14. Qxf3 Nd7 $11)) 13... Nd7 14. b3 Bxf3 (14... Rfe8 15. Qc1 Bxf3 16. Bxf3 Qa5 17. a4 Qb4 18. Qd1 Bc3 {½-½ (37) Kovalenko,I (2651)-Radjabov,T (2722) Baku 2016}) 15. Bxf3 Rfe8 16. Bg4 $146 ({Predecessor:} 16. Rxe8+ Rxe8 17. Re1 Ne5 18. Kf1 Kf8 {1-0 (45) Hoffmeyer,F (2325)-Schleich,M (2222) Germany 2016}) 16... f5 17. Bd1 $36 {[%mdl 2048] White has the initiative.} Qb4 18. h3 Qxd2 19. Bxd2 Kf7 20. g4 Rxe1 21. Rxe1 Re8 22. Rxe8 Kxe8 23. gxf5 gxf5 $16 {[%mdl 4096] Endgame KBB-KBN} 24. Bc2 Ne5 {[#] Strongly threatening ...Nf3+.} 25. Kg2 Ng6 26. Kg3 Ne7 27. Kh4 Kf7 28. Kg5 Bf6+ 29. Kh6 Bg7+ {[#]} 30. Kh5 $1 Be5 31. Bg5 b6 32. a3 Bb2 (32... Bd4 $16 {was necessary.} 33. f3 Be5) 33. Bf4 $18 Be5 (33... Kf6 $142 34. Kh6 (34. Bxd6 Ng6 $18) 34... Be5) 34. Bg5 $2 (34. Bxe5 $18 dxe5 35. d6) 34... Bb2 $1 $16 35. a4 Be5 36. Bd2 Bd4 37. f3 Be5 38. Bg5 Ng6 $2 {[%mdl 8192]} (38... Bg3 $16 39. Bd3 Be5 40. Bxe7 Kxe7) 39. Bxf5 $18 {White is clearly winning.} Nf4+ 40. Kh6 Ne2 41. Be6+ Ke8 42. Kxh7 {Precision: White = 62%, Black = 50%.} 1-0